Financial accounting: A managerial perspective (Record no. 112256)

MARC details
000 -LEADER
fixed length control field 00379nam a2200145Ia 4500
008 - FIXED-LENGTH DATA ELEMENTS--GENERAL INFORMATION
fixed length control field 230917s9999||||xx |||||||||||||| ||und||
040 ## - CATALOGING SOURCE
-- 72880
Original cataloging agency VIVEKANANDA LIBRARY
041 ## - Language
-- English
082 ## - DDC NUMBER
Classification number 657.48 N164F
100 ## - MAIN ENTRY--PERSONAL NAME
Personal name Narayanaswamy, R
245 #0 - TITLE STATEMENT
Title Financial accounting: A managerial perspective
260 ## - PUBLICATION, DISTRIBUTION, ETC. (IMPRINT)
Place of publication, distribution, etc New Delhi
Name of publisher, distributor, etc Prentice Hall
Date of publication, distribution, etc 2002
300 ## - PHYSICAL DESCRIPTION
Pages x, 564 p.
942 ## - ADDED ENTRY ELEMENTS (KOHA)
Koha item type Books
Holdings
Withdrawn status Lost status Damaged status Not for loan Location (home branch) Sublocation or collection (holding branch) Shelving location Date acquired Koha issues (times borrowed) Koha full call number Accession No. Koha date last seen Koha item type
        VIVEKANANDA LIBRARY VIVEKANANDA LIBRARY IMSAR Library 11/02/2003   657.48 N164F 200605 17/09/2023 Books
        VIVEKANANDA LIBRARY VIVEKANANDA LIBRARY IMSAR Library 11/02/2003   657.48 N164F 200606 17/09/2023 Books
        VIVEKANANDA LIBRARY VIVEKANANDA LIBRARY IMSAR Library 11/02/2003   657.48 N164F 200607 17/09/2023 Books
        VIVEKANANDA LIBRARY VIVEKANANDA LIBRARY IMSAR Library 11/02/2003   657.48 N164F 200608 17/09/2023 Books
        VIVEKANANDA LIBRARY VIVEKANANDA LIBRARY IMSAR Library 11/02/2003   657.48 N164F 205200 17/09/2023 Books
        VIVEKANANDA LIBRARY VIVEKANANDA LIBRARY   11/02/2003   657.48 N164F 215767 17/09/2023 Books
        VIVEKANANDA LIBRARY VIVEKANANDA LIBRARY   11/02/2003   657.48 N164F 215768 17/09/2023 Books
        VIVEKANANDA LIBRARY VIVEKANANDA LIBRARY   11/02/2003   657.48 N164F 215769 17/09/2023 Books
© Designed and Maintained by Vivekananda Library, MDU Rohtak